Matemática 2º Medio: texto para profesores

Saved in:
Bibliographic Details
Main Author: Riera Lira, Gonzalo (Author)
Format: Book
Language:Spanish
Published: Santiago Zig-Zag 2000
Edition:3a. ed
Subjects:
Tags: Add Tag
No Tags, Be the first to tag this record!

MARC

LEADER 00000nam a2200000 a 4500
001 UCP8841
003 CL-VaPUC
008 000317e20000000CL |||||||||||||||||spa|d
082 0 4 |a 510.712  |b RIE  |2 21 
100 0 |a Riera Lira, Gonzalo  |e author  |9 439097 
245 1 0 |a Matemática 2º Medio: texto para profesores 
250 |a 3a. ed 
300 |a 496 p 
942 |c BK 
945 |d 20000317 00:00:00  |a rbrito 
260 |a Santiago  |b Zig-Zag  |c 2000 
500 |a Texto para profesores 
650 0 |a Matemáticas  |x Enseñanza  |9 875527 
650 0 |a Libros de texto  |9 270019 
583 |a last modification  |c 20170821 03:31:42  |k Rodrigo Vera 
999 |c 285721  |d 285719 
952 |0 0  |1 0  |4 0  |6 510_712000000000000_RIE_2000  |7 0  |8 P  |9 330484  |a BIBEDU  |b BIBEDU  |d 2019-11-20  |i 3594858  |o 510.712 RIE 2000  |p 3594858  |r 2019-11-20  |w 2019-11-20  |y BK  |k BME 
952 |0 0  |1 0  |4 0  |6 510_712000000000000_RIE_2000  |7 0  |8 P  |9 330485  |a BIBEDU  |b BIBEDU  |c BIBEDU_PB  |d 2019-11-20  |i 3768708  |o 510.712 RIE 2000  |p 3768708  |r 2024-01-25  |w 2019-11-20  |y BK  |k BME